000
00199 a2200097 4500
020
_a
9789706074935
041
_a
spa
100
_a
Larousse
245
_a
Diccionario pocket espaoÌšl ingles
942
_c
K
999
_c
27660
_d
27660